Topology of closed one-forms
Αποθηκεύτηκε σε:
| Κύριος συγγραφέας: | |
|---|---|
| Μορφή: | Βιβλίο |
| Γλώσσα: | English |
| Δημοσίευση: |
Providence, R.I. :
American Mathematical Society,
c2004
|
| Σειρά: | Mathematical surveys and monographs ;
; 108 |
| Θέματα: | |
| Ετικέτες: |
Προσθήκη ετικέτας
Δεν υπάρχουν, Καταχωρήστε ετικέτα πρώτοι!
|
MARC
| LEADER | 00000nam a2200000 i 4500 | ||
|---|---|---|---|
| 001 | 1/58971 | ||
| 008 | 071017s2004 eng d | ||
| 020 | |a 0-8218-3531-9 | ||
| 035 | |l 10091579 | ||
| 040 | |a GR-MY-UA |b gre |e aacr | ||
| 041 | 0 | |a eng | |
| 082 | 0 | |a 514.74 |2 (22) | |
| 100 | 1 | |a Farber, Michael |d 1951- | |
| 245 | 1 | 0 | |a Topology of closed one-forms / |c Michael Farber |
| 260 | |a Providence, R.I. : |b American Mathematical Society, |c c2004 | ||
| 300 | |a xi, 246 σ.; |b εικ.; |c 26 εκ. | ||
| 490 | 1 | |a Mathematical surveys and monographs |v ; 108 | |
| 504 | |a Περιλαμβάνει βιβλιογραφικές παραπομπές (σ. 239-244) και ευρετήριο | ||
| 650 | 0 | 0 | |a Critical point theory (Mathematical analysis) |
| 650 | 0 | 0 | |a Differential topology. |
| 650 | 0 | 0 | |a Foliations (Mathematics) |
| 830 | 0 | |a Mathematical surveys and monographs ; |v ; 108 | |
| 852 | |a INST |b SAMOS |e 20071017 |h 514.74 FAR |p 005300028089 |q 005300028089 |t BK |y 0 | ||
| 901 | |a BIBL3-2007-3 | ||
| 909 | |a Σ |b 139297 | ||
| 922 | |a 3ΕΛΗ |b 200709 |c ΕΠΕΑΕΚ2/ΤΜΗΜΑ ΜΑΘΗΜΑΤΙΚΩΝ |d ΠΑΠΑΣΩΤΗΡΙΟΥ | ||
| 970 | |a ΡΟΥΣΣΟΥ |b ΚΩΝΣΤΑΝΤΙΝΑ |z 2007/10/17 | ||